| 000 | 00832cam a2200301Ia 4500 | ||
|---|---|---|---|
| 020 | _a0697340686 (v. 1) | ||
| 020 | _a9780697340689 (v. 1) | ||
| 020 | _a0697340694 (v. 2) | ||
| 020 | _a9780697340696 (v. 2) | ||
| 020 | _a0697340708 (v. 3) | ||
| 020 | _a9780697340702 (v. 3) | ||
| 020 | _a0697340716 (v. 4) | ||
| 020 | _a9780697340719 (v. 4) | ||
| 020 | _a0697340724 (v. 5) | ||
| 020 | _a9780697340726 (v. 5) | ||
| 020 | _a0697340732 (v. 6) | ||
| 020 | _a9780697340733 (v. 6) | ||
| 040 | _cGC0 | ||
| 082 | _a909 MCG 1995 A100 Or. | ||
| 100 | 1 | _aFiero, Gloria K. | |
| 245 | 1 | 4 | _aThe humanistic tradition / |
| 250 | _a3rd ed. | ||
| 260 |
_aNew York : _bMcGraw-Hill, _c1998, c1995. |
||
| 300 |
_a6 v. : _bcol. ill., col. maps ; _c28 cm. |
||
| 650 | 0 | _aCivilization, Western | |
| 650 | 0 | _aHumanism. | |
| 942 | _cEK | ||
| 999 |
_c12413 _d12413 |
||